[Event "Titled Tuesday intern op 13th Jun Late"]
[Site "Chess.com INT"]
[Date "2023.06.13"]
[Round "2"]
[White "Zhukov, Maksim"]
[Black "Girsh, Daniel"]
[Result "0-1"]
[WhiteElo "1835"]
[BlackElo "2123"]
[PlyCount "150"]
[EventDate "2023.06.13"]
[EventType "swiss (blitz)"]
[EventRounds "11"]
[EventCountry "USA"]
[SourceTitle "EXT 2024"]
[Source "ChessBase"]
[SourceDate "2023.10.10"]
[SourceVersion "1"]
[SourceVersionDate "2023.10.10"]
[SourceQuality "1"]

1. e4 g6 2. d4 Bg7 3. Be3 c5 4. Ne2 Nc6 5. c3 Qb6 6. Qd2 d6 7. f3 Nf6 8. Na3 cxd4 9. Nxd4 Nxd4 10. Bxd4 Qa5 11. Bd3 0-0 12. 0-0 Be6 13. Rfd1 a6 14. c4 Qxd2 15. Rxd2 Rfc8 16. b3 Rab8 17. Kf1 Nd7 18. Bxg7 Kxg7 19. Rad1 Ne5 20. Be2 g5 21. h3 h5 22. Kf2 h4 23. Ke3 Ng6 24. Bf1 Nf4 25. Kf2 f6 26. b4 b6 27. c5 bxc5 28. Bxa6 Rc6 29. b5 Rcb6 30. Nc2 Bxa2 31. Nd4 Bc4 32. Nc6 Rxc6 33. bxc6 Bxa6 34. Ra1 Bc4 35. Ra7 Kf7 36. c7 Rc8 37. g3 hxg3+ 38. Kxg3 Ne6 39. Rc2 Bd3 40. Rc3 c4 41. h4 gxh4+ 42. Kxh4 Rxc7 43. Ra1 Nf4 44. Rca3 Ne2 45. Rd1 c3 46. Rxd3 c2 47. Ra1 c1Q 48. Rxc1 Nxc1 49. Re3 Rc2 50. Kg3 Ne2+ 51. Kf2 Nd4+ 52. Kg3 e5 53. Ra3 Ke6 54. Rd3 Rc3 55. Rxc3 Ne2+ 56. Kf2 Nxc3 57. Ke3 d5 58. Kd3 dxe4+ 59. fxe4 Nxe4 60. Kxe4 f5+ 61. Ke3 Kd5 62. Ke2 Ke4 63. Ke1 Ke3 64. Kd1 e4 65. Ke1 f4 66. Kf1 Kd2 67. Kg2 e3 68. Kf3 e2 69. Kg4 e1Q 70. Kh3 f3 71. Kh2 f2 72. Kg3 f1Q+ 73. Kg4 Qe4+ 74. Kh5 Qff5+ 75. Kh6 Qg6# 0-1

[Event "Titled Tuesday intern op 30th May Early"]
[Site "Chess.com INT"]
[Date "2023.05.30"]
[Round "1"]
[White "Girsh, Daniel"]
[Black "Mitrabha, Guha"]
[Result "1-0"]
[WhiteElo "2123"]
[BlackElo "2507"]
[PlyCount "49"]
[EventDate "2023.05.30"]
[EventType "swiss (blitz)"]
[EventRounds "11"]
[EventCountry "USA"]
[SourceTitle "CBM 214 Extra"]
[Source "ChessBase"]
[SourceDate "2023.07.31"]
[SourceVersion "1"]
[SourceVersionDate "2023.07.31"]
[SourceQuality "1"]

1. e4 c6 2. d4 d5 3. e5 Bf5 4. h4 h5 5. Bd3 Bxd3 6. Qxd3 e6 7. Bg5 Qa5+ 8. Nd2 Qa6 9. c4 Ne7 10. Ne2 Nf5 11. Ng3 g6 12. Nxf5 gxf5 13. 0-0 Nd7 14. Rfc1 Be7 15. Bxe7 Kxe7 16. Qe3 Rhg8 17. cxd5 cxd5 18. Rc7 Rg4 19. Nf3 Rag8 20. Ng5 Qa5 21. Rac1 Rxh4 22. Nxf7 Rhg4 23. Qh6 Rxg2+ 24. Kh1 R2g4 25. Qf6+ 1-0

[Event "Titled Tuesday intern op 30th May Early"]
[Site "Chess.com INT"]
[Date "2023.05.30"]
[Round "4"]
[White "Girsh, Daniel"]
[Black "Pichot, Alan"]
[Result "0-1"]
[WhiteElo "2123"]
[BlackElo "2638"]
[PlyCount "64"]
[EventDate "2023.05.30"]
[EventType "swiss (blitz)"]
[EventRounds "11"]
[EventCountry "USA"]
[SourceTitle "CBM 214 Extra"]
[Source "ChessBase"]
[SourceDate "2023.07.31"]
[SourceVersion "1"]
[SourceVersionDate "2023.07.31"]
[SourceQuality "1"]

1. d4 Nf6 2. c4 e6 3. Nc3 Bb4 4. e3 b6 5. Bd3 Bb7 6. Nf3 Bxc3+ 7. bxc3 0-0 8. 0-0 d6 9. Nd2 e5 10. e4 Nc6 11. Re1 exd4 12. cxd4 Nxd4 13. Bb2 Ne6 14. Nf1 Nc5 15. Ng3 Re8 16. f3 Nfd7 17. Bc2 Ne5 18. f4 Nxc4 19. Bxg7 Kxg7 20. Nf5+ Kh8 21. Qd4+ Ne5 22. fxe5 Rxe5 23. Rf1 Qg5 24. Rf2 Bxe4 25. h4 Qg6 26. Ne7 Qe6 27. Bxe4 Nxe4 28. Re2 Nf6 29. Rae1 Qxe7 30. Rxe5 dxe5 31. Rxe5 Qd6 32. Qg4 Nxg4 0-1